Les 50 plus grands tubs de la Décennie 80 - Statistiques

Statistiques générales
  • Ce quiz a été pris 39 fois
  • Le résultat moyen est 18 sur 100
Statistiques - réponses
Artistes Chansons % Correct
1 MICHAEL JACKSON Billie jean
58%
1 DEBUT DE SOIREE Nuit de folie
58%
6 MICHAEL JACKSON Thriller
58%
10 STEPHANIE DE MONACO Ouragan
53%
2 VANESSA PARADIS Joe le taxi
50%
7 PARTENAIRE PARTICULIER Partenaire particulier
50%
4 ROCH VOISINE Hélène
47%
3 MADONNA Like a virgin
44%
4 EDDY MITCHELL Couleur menthe à l'eau
42%
5 IMAGES Les démons de minuit
42%
10 DANIEL BALAVOINE Mon fils, ma bataille
42%
6 EUROPE The final countdown
42%
6 ROSE LAURENS Africa
36%
4 MADONNA La isla bonita
36%
3 PINK FLOYD Another brick in the wall
33%
3 AXEL BAUER Cargo
33%
8 LIO Le banana split
33%
3 HERBERT LEONARD Pour le plaisir
33%
2 SURVIVOR Eye of the tiger
31%
5 ALAIN BASHUNG Vertige de l'amour
31%
6 FRANCE GALL Ella elle l'a
28%
1 CYNDI LAUPER Girls just want to have fun
28%
7 RICHARD SANDERSON Reality
28%
2 NENA 99 luftballons
25%
8 IRENE CARA (Flashdance) Flashdance ... what a feeling
25%
2 KAOMA Lambada
25%
10 FRANKIE GOES TO HOLLYWOOD Relax
25%
8 KIM WILDE Cambodia
22%
1 VISAGE Fade to grey
22%
10 FRANCE GALL Il jouait du piano debout
22%
9 RICK ASTLEY Never gonna give you up
22%
4 MADNESS One step beyond
22%
2 BERLIN Take my breath away
22%
2 F.R. DAVID Words
22%
1 LIO Amoureux solitaires
19%
2 KIM CARNES Bette Davis eyes
19%
1 CHAGRIN D'AMOUR Chacun fait c'qui lui plait
19%
9 PIERRE BACHELET Elle est d'ailleurs
19%
6 MICHEL SARDOU Etre une femme
19%
4 JEANNE MAS Johnny, Johnny
19%
3 IMAGINATION Just an illusion
19%
1 MADONNA Like a prayer
19%
4 BANANARAMA Venus
19%
1 U2 With or without you
19%
8 STATUS QUO In the army now
17%
9 FRANCOIS FELDMAN & JONIECE JAMISON Joue pas
17%
7 DAVID BOWIE Let's dance
17%
6 EARTH, WIND & FIRE Let's groove
17%
7 BALTIMORA Tarzan boy
17%
7 GLENN MEDEIROS & ELSA Un roman d'amitié
17%
5 PHILIPPE LAFONTAINE Coeur de loup
14%
4 CULTURE CLUB Do you really want to hurt me
14%
7 ALAIN BASHUNG Gaby oh Gaby
14%
4 THIERRY PASTOR Le coup de folie
14%
9 MADONNA Papa don't preach
14%
8 QUEEN Radio gaga
14%
5 JIMMY CLIFF Reggae night
14%
9 TALK TALK Such a shame
14%
2 MODERN TALKING You're my heart, you're my soul
14%
10 DURAN DURAN A view to a kill
11%
6 LIPPS INC. Funky town
11%
3 PROPAGANDA P: machinery
11%
2 MYLENE FARMER Pourvu qu'elles soient douces
11%
5 AL CORLEY Square rooms
11%
3 MORY KANTE Yé ké yé ké
11%
9 YAZOO Don't go
8%
7 P. LION Happy children
8%
5 TINA CHARLES I love to love
8%
10 DEBUT DE SOIREE La vie, la nuit
8%
6 MURRAY HEAD One night in Bangkok
8%
9 INXS Original sin
8%
5 KAJAGOOGOO Too shy
8%
2 THE WHISPERS And the beat goes on
6%
9 JEAN-JACQUES GOLDMAN Comme toi
6%
1 IVAN Fotonovela
6%
5 MILLI VANILLI Girl you know it's true
6%
1 NU SHOOZ I can't wait
6%
4 YES Owner of a lonely heart
6%
7 DAVID CHRISTIE Saddle up
6%
3 SAM BROWN Stop!
6%
9 PACO Amor de mis amores
3%
3 OFF Electrica salsa
3%
5 THE KORGIS Everybody's got to learn sometime
3%
5 MEL BROOKS It's good to be the king
3%
10 GREG KIHN BAND Jeopardy
3%
8 RITA LEE Lança perfume
3%
3 INDEEP Last night a D.J. saved my life
3%
8 MADONNA Live to tell
3%
6 GLENN MEDEIROS Nothing's gonna change my love for you
3%
6 TECHNOTRONIC Pump up the jam
3%
7 FINE YOUNG CANNIBALS She drives me crazy
3%
8 WOMACK & WOMACK Teardrops
3%
9 THE POLICE Walking on the moon
3%
8 KOOL & THE GANG Cherish
0%
10 QUARTERFLASH Harden my heart
0%
10 MICHAEL JACKSON feat. SIEDAH GARRETT I just can't stop loving you
0%
8 KYLIE MINOGUE I should be so lucky
0%
10 MARRS Pump up the volume
0%
4 A-HA Stay on these roads
0%
7 MADONNA Who's that girl
0%
Aucun quiz correspondant
Distribution des résultats
% des personnes avec chaque résultat
Percentile par nombre de réponses
Votre historique - résultats
Vous n’avez pas pris ce quiz